À propos d'un document ouigour de l'époque mongole

Elmentve itt :
Bibliográfiai részletek
Szerző: Ligeti Lajos
Dokumentumtípus: Cikk
Megjelent: 1973
Sorozat:Acta Orientalia Academiae Scientiarum Hungaricae;Acta Orientalia Academiae Scientiarum Hungaricae : a Magyar Tudományos Akadémia orientalisztikai közleményei
Kulcsszavak:Ujgur nyelvemlék - mongolok, Török nyelvemlék - ujgur írásos - 13. sz.
Tárgyszavak:
Online Access:http://misc.bibl.u-szeged.hu/68493
LEADER 00968nab a2200241 i 4500
001 misc68493
005 20230203082431.0
008 220613s1973 hu o 0|| fre d
022 |a 0001-6446 
040 |a SZTE Miscellanea Repozitórium  |b hun 
041 |a fre 
041 |a tut 
100 1 |a Ligeti Lajos 
245 1 0 |a À propos d'un document ouigour de l'époque mongole  |h [elektronikus dokumentum] /  |c  Ligeti Lajos 
260 |c 1973 
300 |a [18] p.  |c 24 cm 
490 0 |a Acta Orientalia Academiae Scientiarum Hungaricae;Acta Orientalia Academiae Scientiarum Hungaricae : a Magyar Tudományos Akadémia orientalisztikai közleményei 
561 |a Németh Gyula hagyaték 
591 |a LOA 2242;OA 3281;OA 3282 
650 4 |a Bölcsészettudományok 
650 4 |a Nyelvek és irodalom 
695 |a Ujgur nyelvemlék - mongolok, Török nyelvemlék - ujgur írásos - 13. sz. 
856 4 0 |u http://misc.bibl.u-szeged.hu/68493/1/3281_oa_l66.pdf  |z Dokumentum-elérés